[Event "Titled Tue 1st Jul Early"]
[Site "chess.com INT"]
[Date "2025.07.01"]
[Round "10"]
[White "Nurgaliyev, Sauat"]
[Black "Dann, Matthias"]
[Result "1-0"]
[WhiteTitle "IM"]
[BlackTitle "IM"]
[WhiteElo "2404"]
[BlackElo "2434"]
[WhiteFideId "13726285"]
[BlackFideId "24638056"]
[EventDate "2025.07.01"]

1. e4 c5 2. Nf3 d6 3. Nc3 Nf6 4. d4 cxd4 5. Nxd4 a6 6. a4 g6 7. Be2 Bg7 8. O-O
O-O 9. Be3 Nc6 10. f3 d5 11. Nxc6 bxc6 12. Bd4 dxe4 13. fxe4 Rb8 14. Kh1 Be6 15.
b3 a5 16. Qd3 Qc7 17. Rad1 Rfd8 18. Qe3 Nd7 19. Bxg7 Kxg7 20. h4 Qe5 21. Qd4
Qxd4 22. Rxd4 Ne5 23. Rfd1 Rxd4 24. Rxd4 h6 25. Kg1 g5 26. hxg5 hxg5 27. Kf2 Kf6
28. Rd1 Ng6 29. Ke3 Ke5 30. Nb1 Nf4 31. Bf3 g4 32. g3 Ng6 33. Be2 Rh8 34. Nd2
Rh2 35. Rg1 c5 36. c3 Nf8 37. Rf1 Nd7 38. Bc4 Nf6 39. Bxe6 Kxe6 40. Rf5 Rg2 41.
Rxc5 Rxg3+ 42. Kf4 Rd3 43. Nc4 g3 44. Rc6+ Rd6 45. Nxd6 exd6 46. Kxg3 Nxe4+ 47.
Kf3 Nd2+ 48. Ke2 Nxb3 49. Ra6 f5 50. Kd1 f4 51. Kc2 Nc5 52. Rxa5 f3 53. Ra8 Ne4
54. Rf8 Nf6 55. Kd3 1-0

[Event "Titled Tue 1st Jul Early"]
[Site "chess.com INT"]
[Date "2025.07.01"]
[Round "10"]
[White "Perez Rojas, Jorge"]
[Black "Nifdaliyev, Jahangir"]
[Result "1-0"]
[WhiteTitle "FM"]
[BlackTitle "FM"]
[WhiteElo "2100"]
[BlackElo "2312"]
[WhiteFideId "3452093"]
[BlackFideId "13407740"]
[EventDate "2025.07.01"]

1. e4 c5 2. Nf3 d6 3. Nc3 Nf6 4. Bb5+ Bd7 5. Bxd7+ Nbxd7 6. O-O g6 7. d4 cxd4 8.
Nxd4 Bg7 9. Be3 O-O 10. f3 a6 11. a4 Qc7 12. Qd2 Rac8 13. Rfd1 Ne5 14. Qe1 Nc4
15. Bc1 Rfd8 16. b3 Na5 17. Bb2 Qb6 18. Qf2 Nc4 19. Bc1 Ne5 20. Bb2 Neg4 21.
fxg4 Nxg4 22. Nd5 Nxf2 23. Nxb6 Nxd1 24. Rxd1 Bxd4+ 25. Bxd4 Rxc2 26. Nd5 e5 27.
Bc3 Kg7 28. Bb4 Rb2 29. Rd3 Rc8 30. h4 Rc6 31. a5 h6 32. Ne3 f5 33. exf5 gxf5
34. Nxf5+ Kf6 35. Nxd6 Rcc2 36. Rg3 Rb1+ 37. Kh2 Ke6 38. Nc4 e4 39. Bc5 Rcc1 40.
Rg6+ Kd5 41. Bb6 Rh1+ 42. Kg3 Rxb3+ 43. Ne3+ Ke5 44. Rxh6 Re1 45. Kf2 Ra1 46.
Rh5+ Kd6 47. Nc4+ Kc6 48. Ne5+ Kb5 49. Ng4+ Ka4 50. Ne3 Ra2+ 51. Kg3 Rbb2 52.
Kf4 Kb3 53. Kxe4 Kc3 54. Rc5+ Kd2 55. Nc4+ Ke2 56. Nxb2 Rxb2 57. g4 Kf2 58. g5
Rb4+ 59. Kf5 Rxh4 60. g6 Rh3 61. Kf6 Rf3+ 62. Rf5+ Ke2 63. Rxf3 1-0

[Event "Titled Tue 1st Jul Early"]
[Site "chess.com INT"]
[Date "2025.07.01"]
[Round "10"]
[White "Vu Quang Quyen"]
[Black "Goswami, Vedant"]
[Result "1-0"]
[WhiteTitle "CM"]
[BlackTitle "FM"]
[WhiteElo "2026"]
[BlackElo "2057"]
[WhiteFideId "12402168"]
[BlackFideId "5003725"]
[EventDate "2025.07.01"]

1. e4 c5 2. Nf3 Nc6 3. c3 d5 4. exd5 Qxd5 5. d4 e6 6. Be3 Nf6 7. dxc5 Qxd1+ 8.
Kxd1 Ng4 9. b4 Nxe3+ 10. fxe3 Be7 11. Nbd2 e5 12. Bb5 f6 13. Kc2 Bf5+ 14. e4 Bg6
15. Nh4 Rc8 16. g4 b6 17. cxb6 axb6 18. Nf5 Bxf5 19. gxf5 O-O 20. Kb3 Na7 21.
Bc4+ Kh8 22. a4 Rfd8 23. Rhd1 g6 24. Nf1 Kg7 25. Ne3 Nc6 26. Be6 Rb8 27. Nd5 Bf8
28. Rg1 Ne7 29. h4 Nxd5 30. exd5 Bd6 31. fxg6 hxg6 32. Bf5 g5 33. hxg5 fxg5 34.
Raf1 Be7 35. Be6 Bf6 36. Rf5 Rf8 37. Rgxg5+ Bxg5 38. Rxg5+ Kf6 39. Rf5+ Ke7 40.
Rxe5 Kd6 41. Rh5 Rb7 42. Rh6 Ke5 43. Rh5+ Kd6 44. Rh3 Rc7 45. Bg4 Rf4 46. Rh6+
Kxd5 47. Be2 Rb7 48. Rh5+ Kd6 49. Rh6+ Ke5 50. Ba6 Rb8 51. Rc6 Rf3 52. Kc4 Kf5
53. Kb5 1-0

[Event "Titled Tue 1st Jul Early"]
[Site "chess.com INT"]
[Date "2025.07.01"]
[Round "10"]
[White "Boramanikar, Tanisha S"]
[Black "Storey, Charles H"]
[Result "0-1"]
[WhiteTitle "WCM"]
[BlackTitle "FM"]
[WhiteElo "1743"]
[BlackElo "2102"]
[WhiteFideId "35023454"]
[BlackFideId "406686"]
[EventDate "2025.07.01"]

1. e4 Nf6 2. e5 Nd5 3. d4 d6 4. c4 Nb6 5. Nf3 Bg4 6. exd6 exd6 7. Nc3 Be7 8. b3
O-O 9. Be2 Bf6 10. O-O c5 11. dxc5 Bxc3 12. Bg5 f6 13. cxb6 Bxa1 14. Qd5+ Kh8
15. Rxa1 Bxf3 16. Bxf3 fxg5 17. Qxb7 Nd7 18. Qxa8 Qxa8 19. Bxa8 Rxa8 20. b7 Rb8
21. Re1 Kg8 22. Rd1 Rxb7 23. Rxd6 Kf7 24. Kf1 Ke7 25. Rd5 h6 26. Ke2 Rb6 27. Ke3
Re6+ 28. Kd3 Ne5+ 29. Kc3 Ng4 30. Ra5 a6 31. f3 Ne3 32. g4 Nf1 33. h3 Nh2 34.
Rf5 Re3+ 35. Kd4 Rxf3 36. Rxf3 Nxf3+ 37. Ke4 Ng1 38. a4 Nxh3 39. b4 Kd6 40. b5
a5 41. Kd4 Nf4 42. c5+ Kc7 43. c6 g6 44. Kc5 Ne6+ 45. Kd5 Nd8 46. Ke5 Nxc6+ 47.
Kf6 h5 48. Kxg6 hxg4 49. Kxg5 g3 0-1

[Event "Titled Tue 1st Jul Early"]
[Site "chess.com INT"]
[Date "2025.07.01"]
[Round "10"]
[White "Plichta, Kamil"]
[Black "Shimanov, Aleksandr"]
[Result "0-1"]
[WhiteTitle "FM"]
[BlackTitle "GM"]
[WhiteElo "2361"]
[BlackElo "2578"]
[WhiteFideId "1141830"]
[BlackFideId "4198603"]
[EventDate "2025.07.01"]

1. Nf3 d5 2. g3 Bg4 3. Bg2 Nd7 4. h3 Bh5 5. O-O c6 6. d3 e5 7. c4 dxc4 8. dxc4
Ngf6 9. Nh4 Bc5 10. a3 a5 11. Nc3 O-O 12. Qc2 Re8 13. Rb1 Qe7 14. Kh2 e4 15. Nf5
Qe6 16. Ne3 Bxe3 17. Bxe3 Qxc4 18. Rfc1 h6 19. b4 axb4 20. Rxb4 Qe6 21. Rxb7
Rxa3 22. Nxe4 Nxe4 23. Qxe4 Qxe4 24. Bxe4 Rxe4 25. Rxd7 Bxe2 26. Rxc6 Bc4 27.
Rc8+ Kh7 28. Rd4 Rxd4 29. Bxd4 Be6 30. Rc1 g5 31. g4 h5 32. Rc3 Ra4 33. Bf6 Kg6
34. Bd8 hxg4 35. hxg4 Rxg4 36. Rg3 Rh4+ 37. Kg1 f6 38. Rf3 Bf5 39. Re3 Rd4 40.
Bc7 Be4 41. Kh2 Kf5 42. Bg3 Kg4 43. Re1 f5 44. Be5 Rd2 45. Kg1 Bf3 46. Bh2 f4
47. Ra1 Rd4 48. Rc1 Re4 49. Ra1 Kh3 50. Rc1 g4 51. Rf1 Rd4 52. Rc1 Rb4 53. Ra1
Rd4 54. Rf1 Re4 55. Ra1 g3 56. fxg3 fxg3 57. Bxg3 Kxg3 58. Rc1 Rh4 59. Rc8 Rh1# 0-1

[Event "Titled Tue 1st Jul Early"]
[Site "chess.com INT"]
[Date "2025.07.01"]
[Round "10"]
[White "Ashraf, Artin"]
[Black "Goltsev, Dmitry"]
[Result "1-0"]
[WhiteTitle "FM"]
[BlackTitle "FM"]
[WhiteElo "2428"]
[BlackElo "2182"]
[WhiteFideId "22514805"]
[BlackFideId "24176710"]
[EventDate "2025.07.01"]

1. c4 c5 2. g3 Nc6 3. Bg2 g6 4. Nc3 Bg7 5. d3 e6 6. h4 h5 7. Nh3 Nge7 8. Nf4 d6
9. Qd2 a6 10. b3 Nf5 11. Bb2 Rb8 12. Ne4 e5 13. Nd5 Nfd4 14. e3 Ne6 15. f4 f5
16. Ng5 Nxg5 17. hxg5 Be6 18. O-O-O Kf7 19. Nf6 Bxf6 20. gxf6 Qxf6 21. Bxc6 bxc6
22. fxe5 dxe5 23. Qa5 Rhe8 24. Qc7+ Qe7 25. Qxe5 Rg8 26. g4 Bd7 27. gxh5 Qxe5
28. Bxe5 Rbe8 29. hxg6+ Rxg6 30. Rh7+ Ke6 31. Bf4 Re7 32. Rh2 Reg7 33. Rdd2 Rg1+
34. Kb2 Be8 35. Ka3 Bd7 36. Ka4 Bc8 37. Ka5 Bb7 38. Kb6 Kf6 39. Rh6+ Kf7 40.
Kxb7 Kg8+ 41. Kxc6 R1g2 42. Rxg2 Rxg2 43. Kxc5 Rxa2 44. b4 Rd2 45. Kd4 a5 46.
bxa5 Ra2 47. a6 Kg7 48. Rc6 Rb2 49. a7 Ra2 50. Bb8 Kf7 51. Kc5 f4 52. Bxf4 Kg7
53. Kb6 Rb2+ 54. Kc7 Ra2 55. Kb7 Ra5 56. a8=Q Rf5 57. Rc7+ Kg6 58. Qg8+ Kh5 59.
Rh7# 1-0

[Event "Titled Tue 1st Jul Early"]
[Site "chess.com INT"]
[Date "2025.07.01"]
[Round "10"]
[White "Allahverdiyeva, Ayan"]
[Black "Lopez Rayo, Santiago"]
[Result "1-0"]
[WhiteTitle "WIM"]
[BlackTitle "FM"]
[WhiteElo "2234"]
[BlackElo "2350"]
[WhiteFideId "13412590"]
[BlackFideId "4455665"]
[EventDate "2025.07.01"]

1. d4 Nf6 2. Nf3 g6 3. b3 Bg7 4. Bb2 O-O 5. Nbd2 d5 6. e3 b6 7. Bd3 Bb7 8. h4 c5
9. h5 Ne4 10. Ne5 Nd7 11. Ndf3 Rc8 12. Nxd7 Qxd7 13. Ne5 Qe6 14. Qf3 g5 15. h6
Bh8 16. Qh5 f6 17. Ng6 Rfd8 18. dxc5 bxc5 19. Nxh8 Kxh8 20. O-O c4 21. Bxe4 dxe4
22. Qxg5 Rg8 23. Qh5 c3 24. Ba3 Rg5 25. Qh2 Rcg8 26. g3 Qg4 27. Bxe7 Qf3 28. Bd6
Rh5 29. Qg2 Bc8 30. Qxf3 exf3 31. Rfd1 Bh3 32. Rd4 Rg4 33. Rxg4 Bxg4 34. Rd1 Kg8
35. Bf4 Kf7 36. Rd4 Bf5 37. Ra4 Bxc2 38. Rxa7+ Kg6 39. Rc7 Bf5 40. Rc4 Bh3 41.
Bd6 Bg2 42. Rh4 Rxh4 43. gxh4 c2 44. Ba3 Kxh6 45. Bc1 Kg6 46. a3 Kf5 47. Kh2 Ke4
48. a4 Kd3 49. a5 Ke2 50. a6 Kd1 51. Ba3 Ke2 52. a7 Kxf2 53. a8=Q Ke1 54. Qa5+
Kd1 55. Qc3 f2 56. Qd3+ Ke1 57. Bb4# 1-0

[Event "Titled Tue 1st Jul Early"]
[Site "chess.com INT"]
[Date "2025.07.01"]
[Round "10"]
[White "Chiappero, Julio Alfredo"]
[Black "Lopez Rayo, Isabella"]
[Result "1-0"]
[WhiteTitle "FM"]
[BlackTitle "WFM"]
[WhiteElo "2238"]
[BlackElo "1998"]
[WhiteFideId "139998"]
[BlackFideId "4452755"]
[EventDate "2025.07.01"]

1. d4 d5 2. c4 e6 3. Nc3 Nf6 4. cxd5 exd5 5. Bg5 Nbd7 6. e3 Be7 7. Bd3 c6 8.
Nge2 h6 9. Bh4 O-O 10. h3 Re8 11. Bg3 Nf8 12. Qc2 Bd6 13. O-O Ne6 14. Rab1 Ng5
15. Bxd6 Qxd6 16. Ng3 Bd7 17. Nf5 Bxf5 18. Bxf5 Nge4 19. Bxe4 Nxe4 20. Nxe4 Rxe4
21. b4 a6 22. a4 Rae8 23. b5 axb5 24. axb5 Qg6 25. bxc6 bxc6 26. Rfc1 R8e6 27.
Qc5 Rh4 28. Rb8+ Kh7 29. Qf8 Qf5 30. Qh8+ Kg6 31. Rg8 Qf6 32. f4 Rh5 33. g4 Rxh3
34. f5+ Kg5 35. Qxg7+ Qxg7 36. Rxg7+ Kf6 37. fxe6 Kxg7 38. exf7 Rxe3 39. Rxc6
Re4 40. Rf6 Rxg4+ 41. Kf2 Kf8 42. Ke3 Re4+ 43. Kd3 h5 44. Rf5 Rh4 45. Kc3 Rh1
46. Kb4 h4 47. Kc5 h3 48. Kxd5 h2 49. Rh5 Kxf7 50. Kd6 Kg6 51. Rh3 Kg5 52. d5
Kg4 53. Rh8 Kg3 54. Kd7 Rd1 55. d6 h1=Q 56. Rxh1 1-0

[Event "Titled Tue 1st Jul Early"]
[Site "chess.com INT"]
[Date "2025.07.01"]
[Round "10"]
[White "King, Alexander"]
[Black "Waldhausen Gordon, Frederick"]
[Result "1/2-1/2"]
[WhiteTitle "FM"]
[BlackTitle "FM"]
[WhiteElo "2263"]
[BlackElo "2395"]
[WhiteFideId "2063620"]
[BlackFideId "2409143"]
[EventDate "2025.07.01"]

1. Nf3 Nf6 2. c4 e6 3. g3 d5 4. d4 dxc4 5. Bg2 c5 6. O-O Nc6 7. dxc5 Qxd1 8.
Rxd1 Bxc5 9. Nbd2 c3 10. bxc3 O-O 11. Nb3 Be7 12. Bb2 Bd7 13. Nfd4 Rac8 14. Nb5
Rfd8 15. Nd6 Rc7 16. Nc5 Bc8 17. Nb5 Rcd7 18. Nxd7 Bxd7 19. Nd6 b6 20. Nb7 Rc8
21. c4 Rc7 22. Nd6 Na5 23. Rac1 Bxd6 24. Rxd6 Rxc4 25. Rdd1 Ba4 26. Rd8+ Ne8 27.
Rxc4 Nxc4 28. Bd4 f6 29. Ra8 a5 30. f4 Kf7 31. Ra7+ Kf8 32. Be4 h6 33. Bd3 Ned6
34. e4 e5 35. Bf2 Be8 36. Rc7 Bf7 37. h4 h5 38. a4 g6 39. fxe5 fxe5 40. Be2 Kg7
41. Rc6 Kf8 42. Bxb6 Nxb6 43. Rxb6 Nxe4 44. Kg2 Nc3 45. Rb8+ Ke7 46. Bf3 e4 47.
Bxe4 Nxe4 48. Ra8 Nc3 49. Rxa5 Bd5+ 50. Kf2 Bc6 51. Ra7+ Kd6 52. a5 Ne4+ 53. Kf3
Nc5+ 54. Kf4 Ne6+ 55. Ke3 Nc7 56. a6 Bd5 57. Kf4 Kc6 58. Kg5 Be4 59. g4 hxg4 60.
Kxg4 Kb6 61. Rxc7 Kxc7 62. Kf4 Bc2 63. Kg5 Kb6 64. h5 gxh5 65. Kxh5 Kxa6 1/2-1/2

[Event "Titled Tue 1st Jul Early"]
[Site "chess.com INT"]
[Date "2025.07.01"]
[Round "10"]
[White "Domin, Yan"]
[Black "Ivannikov, Maksim"]
[Result "0-1"]
[WhiteTitle "FM"]
[BlackTitle "CM"]
[WhiteElo "2222"]
[BlackElo "2184"]
[WhiteFideId "34169342"]
[BlackFideId "34275339"]
[EventDate "2025.07.01"]

1. e4 e5 2. Nf3 Nc6 3. Nc3 Nf6 4. a4 Bb4 5. Bd3 O-O 6. O-O Re8 7. Re1 h6 8. Nd5
Bf8 9. c3 d6 10. Bc2 Be6 11. Nxf6+ Qxf6 12. d4 Bg4 13. d5 Ne7 14. Re3 Ng6 15. h4
Nxh4 16. Qd3 Bxf3 17. gxf3 Qg6+ 18. Kf1 Qg2+ 19. Ke2 Ng6 20. Ke1 Nf4 21. Qf1 h5
22. c4 h4 23. Rc3 Qh2 24. Be3 Ng2+ 25. Ke2 Nxe3 26. Rxe3 g6 27. Qh1 Qf4 28. Rg1
Bh6 29. Rg4 Qf6 30. Rb3 Bg5 31. Rxb7 Rab8 32. Rxb8 Rxb8 33. b3 Kg7 34. Qh3 a5
35. Kf1 Rh8 36. Kg2 Rh5 37. Bd3 Qd8 38. Be2 Bf4 39. Kh1 Rh6 40. Qf1 Qb8 41. Qd1
Qb4 42. Rg1 Qc3 43. Qd3 Qb2 44. Rb1 Qa2 45. c5 dxc5 46. Re1 Qa3 47. Qc4 Qb2 48.
Qd3 h3 49. Rf1 Qa3 50. Rd1 Qb4 51. Qc2 Qb8 52. Qxc5 Qxb3 53. Qxa5 Qc2 54. Qe1
Qxa4 55. Ra1 Qd7 56. Rb1 Qe7 57. Rb7 Rh5 58. Bf1 Qg5 59. Rxc7 Bd2 60. Qd1 Ba5
61. Ra7 Bb4 62. Bc4 Qg2# 0-1

[Event "Titled Tue 1st Jul Early"]
[Site "chess.com INT"]
[Date "2025.07.01"]
[Round "10"]
[White "Vincenti, Leonardo"]
[Black "Motola, Jacopo"]
[Result "0-1"]
[WhiteTitle "CM"]
[BlackTitle "FM"]
[WhiteElo "2265"]
[BlackElo "2333"]
[WhiteFideId "28550820"]
[BlackFideId "863190"]
[EventDate "2025.07.01"]

1. e4 e5 2. Nf3 Nc6 3. Bc4 Nf6 4. d4 exd4 5. e5 d5 6. Bb5 Nd7 7. O-O Be7 8. Bxc6
bxc6 9. Nxd4 Nb8 10. e6 O-O 11. Qg4 Bf6 12. Re1 c5 13. exf7+ Rxf7 14. Ne6 Re7
15. Nc3 Bxc3 16. bxc3 Qe8 17. Bh6 g6 18. Qg5 Bxe6 19. Re2 Qf7 20. Rae1 Nc6 21.
Re3 Rae8 22. Rf3 Bf5 23. Rxe7 Qxe7 24. Re3 Qxg5 25. Rxe8+ Kf7 26. Rf8+ Ke7 27.
Bxg5+ Kxf8 28. Bf4 Bxc2 29. Bxc7 Ke7 30. Kf1 Ke6 31. Ke2 d4 32. Kd2 Be4 33. f3
Bd5 34. a3 dxc3+ 35. Kxc3 Kd7 36. Bf4 Ne7 37. Be3 Kc6 38. g4 Nc8 39. f4 Nd6 40.
Bc1 h5 41. h3 hxg4 42. hxg4 Bf3 43. g5 Bg4 44. Be3 Bf5 45. Bc1 Nb5+ 46. Kc4 Be6+
47. Kd3 Kd5 48. Ke3 Bf5 49. Kf3 c4 50. Ke3 c3 51. a4 Nd6 52. Ke2 Kc4 53. Ke3 Nb7
54. Ke2 Nc5 55. a5 Nb3 56. Be3 c2 57. a6 c1=Q 58. Bxc1 Nxc1+ 59. Ke3 Nb3 60. Ke2
Nc5 61. Ke3 Nxa6 62. Kf3 Nc5 63. Ke3 a5 64. Kd2 a4 65. Kc1 Kb3 66. Kd2 a3 67.
Ke3 a2 68. Kd4 a1=Q+ 69. Kxc5 Qf1 70. Kd5 Qxf4 0-1

[Event "Titled Tue 1st Jul Early"]
[Site "chess.com INT"]
[Date "2025.07.01"]
[Round "10"]
[White "Chylewski, Patryk"]
[Black "Nugumanov, Bakhtiyar"]
[Result "1-0"]
[WhiteTitle "IM"]
[BlackTitle "IM"]
[WhiteElo "2319"]
[BlackElo "2305"]
[WhiteFideId "1186191"]
[BlackFideId "13701797"]
[EventDate "2025.07.01"]

1. e4 e5 2. Nf3 Nc6 3. Bc4 Nf6 4. d3 Bc5 5. O-O O-O 6. c3 d6 7. h3 a5 8. Bb3 Be6
9. Bc2 Bb6 10. Nbd2 Ne7 11. Re1 Ng6 12. Nf1 c6 13. d4 exd4 14. cxd4 d5 15. e5
Nd7 16. Ng3 Rc8 17. Ng5 c5 18. Qh5 Qxg5 19. Bxg5 cxd4 20. Rac1 Ndxe5 21. Rxe5
Rxc2 22. Rxc2 Nxe5 23. Be7 d3 24. Rc1 d2 25. Rd1 Nd3 26. Rxd2 Re8 27. Rxd3 Rxe7
28. Qd1 Bc7 29. Rxd5 Bxd5 30. Qxd5 g6 31. Ne4 Kg7 32. Qd4+ Be5 33. Qd3 Bxb2 34.
g3 Be5 35. Nc5 b6 36. Nb3 Re6 37. f4 Bf6 38. Kg2 Rc6 39. Nd2 Rc3 40. Qd5 Rc2 41.
Kf3 Rc3+ 42. Ke2 Rc5 43. Qd7 Rc2 44. Kd1 Rxa2 45. Ne4 Ra1+ 46. Kc2 Ra2+ 47. Kb1
Re2 48. Nxf6 Kxf6 49. Qd4+ Ke7 50. Qxb6 Re6 51. Qc7+ Kf6 52. Qxa5 Kg7 53. Qd5
Kg8 54. Kc2 Rf6 55. Qd8+ Kg7 56. Qd4 h5 57. g4 hxg4 58. hxg4 1-0

[Event "Titled Tue 1st Jul Early"]
[Site "chess.com INT"]
[Date "2025.07.01"]
[Round "10"]
[White "Garv, Gaur"]
[Black "Zhukov, Ivan"]
[Result "0-1"]
[WhiteTitle "FM"]
[BlackTitle "CM"]
[WhiteElo "2363"]
[BlackElo "2044"]
[WhiteFideId "45030839"]
[BlackFideId "54114748"]
[EventDate "2025.07.01"]

1. Nf3 d5 2. c4 e6 3. g3 Nf6 4. Bg2 Be7 5. O-O O-O 6. d4 Nbd7 7. Qc2 c6 8. Nbd2
b6 9. e4 dxc4 10. Nxc4 Bb7 11. Rd1 c5 12. e5 Nd5 13. dxc5 Nxc5 14. b3 Qc7 15.
Bb2 Rac8 16. Rac1 b5 17. Ncd2 Nb4 18. Qb1 Nbd3 19. Rc2 Nxf2 20. b4 Nxd1 21. Qxd1
Qd7 22. bxc5 Bxc5+ 23. Kh1 Rfd8 24. Qe2 Bb4 25. Rxc8 Rxc8 26. Nb3 a6 27. h4 h6
28. Nfd4 Bxg2+ 29. Qxg2 a5 30. a3 Bc3 31. Bxc3 Rxc3 32. Qa8+ Kh7 33. Qe4+ Kg8
34. Qa8+ Rc8 35. Qe4 a4 36. Nd2 Rd8 37. N2f3 Qd5 38. Qxd5 Rxd5 39. Nc2 f6 40.
exf6 gxf6 41. Kg2 e5 42. Kf2 Rd3 43. Ke2 Rb3 44. Nd2 Rxg3 45. Ne4 Rh3 46. Nxf6+
Kf7 47. Ng4 Ke6 48. Nf2 Rxh4 49. Nd3 Kd5 50. Ne3+ Ke4 51. Nf2+ Kd4 52. Nf5+ Kc3
53. Nxh4 Kb3 54. Nf3 Kxa3 55. Nxe5 b4 56. Kd2 Ka2 57. Ned3 b3 58. Nd1 a3 59.
Nc3+ Ka1 0-1

[Event "Titled Tue 1st Jul Early"]
[Site "chess.com INT"]
[Date "2025.07.01"]
[Round "10"]
[White "Aarav Sinha"]
[Black "Ivashentseva, Dominika"]
[Result "1-0"]
[WhiteTitle "FM"]
[BlackTitle "WCM"]
[WhiteElo "2224"]
[BlackElo "1970"]
[WhiteFideId "25674064"]
[BlackFideId "34331050"]
[EventDate "2025.07.01"]

1. d4 d5 2. Bf4 Nf6 3. e3 c5 4. c3 Nc6 5. Nd2 c4 6. b3 b5 7. e4 Nxe4 8. Nxe4
dxe4 9. bxc4 bxc4 10. Bxc4 e6 11. Ne2 Bd6 12. d5 Na5 13. Bb5+ Bd7 14. Bxd7+ Kxd7
15. dxe6+ Kxe6 16. Nd4+ Kf6 17. Qg4 Bxf4 18. Qxf4+ Ke7 19. Qxe4+ Kf8 20. O-O Kg8
21. Rfe1 h5 22. Rab1 Rh6 23. Rb5 Nc4 24. Rc5 Nd6 25. Qd5 Ne8 26. Qxd8 Rxd8 27.
Nc6 Ra8 28. Nxa7 Rxa7 29. Rxe8+ Kh7 30. Re2 Rd6 31. Rxh5+ Kg6 32. g4 Ra4 33. h3
Rc6 34. Rc2 Rca6 35. Kg2 Rxa2 36. Rxa2 Rxa2 37. Rc5 Rc2 38. Kg3 f6 39. f4 Rc1
40. f5+ Kf7 41. Rc7+ Kf8 42. c4 Rg1+ 43. Kf2 Rh1 44. Kg2 Rc1 45. c5 Rc3 46. c6
Kg8 47. h4 Kh7 48. g5 Kg8 49. g6 Kf8 50. Rf7+ Kg8 51. c7 Rc2+ 52. Kf1 Rc3 53.
Rd7 Kf8 54. Rd8+ Ke7 55. c8=Q Rxc8 56. Rxc8 Kd6 57. Rg8 Ke5 58. Rxg7 Kf4 59. Rc7
Kg4 60. g7 Kf4 61. g8=Q Ke4 62. Qg2+ Kf4 63. Rc4+ Ke5 64. Qe4+ Kd6 65. Rc6+ Kd7
66. Qe6+ Kd8 67. Rc8# 1-0

[Event "Titled Tue 1st Jul Early"]
[Site "chess.com INT"]
[Date "2025.07.01"]
[Round "10"]
[White "Akshat Sureka"]
[Black "Dogan, Umut Anil"]
[Result "0-1"]
[WhiteTitle "FM"]
[BlackTitle "CM"]
[WhiteElo "2339"]
[BlackElo "2059"]
[WhiteFideId "25774492"]
[BlackFideId "51618060"]
[EventDate "2025.07.01"]

1. c4 e5 2. Nc3 Nf6 3. g3 Bb4 4. Bg2 Bxc3 5. bxc3 O-O 6. d4 Re8 7. dxe5 Rxe5 8.
Nf3 Re8 9. O-O d6 10. Be3 Nc6 11. Nd4 Bd7 12. Nxc6 Bxc6 13. Bxc6 bxc6 14. c5 Nd5
15. Bd4 dxc5 16. Bxc5 Nxc3 17. Qxd8 Nxe2+ 18. Kg2 Rexd8 19. Rab1 Rab8 20. Bxa7
Rxb1 21. Rxb1 Nc3 22. Rc1 Nxa2 23. Rxc6 Rd7 24. Bb6 Nb4 25. Rxc7 Rxc7 26. Bxc7
Nd5 27. Be5 f6 28. Bb2 Kf7 29. f4 h5 30. Kf3 Nb6 31. Ke4 Nc4 32. Bc3 Nd6+ 33.
Kd5 Nf5 34. Bd4 Ne7+ 35. Kd6 Nf5+ 36. Kd5 Ke7 37. Bc5+ Kf7 38. Bf2 Nh6 39. h3
Nf5 40. g4 hxg4 41. hxg4 Nh6 42. g5 Ng4 43. Bh4 f5 44. Be1 g6 45. Bc3 Ne3+ 46.
Kd6 Nc4+ 47. Kd5 Nb6+ 48. Kc6 Nc4 49. Kd5 Ne3+ 50. Kd6 Nc4+ 51. Kc5 Ne3 52. Be5
Ke6 53. Kd4 Nd5 54. Bb8 Ne7 55. Kc5 Nd5 56. Be5 Ne3 57. Bd6 Nc2 58. Be5 Ne1 59.
Bb8 Nd3+ 60. Kd4 Nb4 61. Kc5 Na6+ 62. Kb6 Nxb8 0-1

[Event "Titled Tue 1st Jul Early"]
[Site "chess.com INT"]
[Date "2025.07.01"]
[Round "10"]
[White "Ravshanov, Sheralijon"]
[Black "Craciun, Sasha-Matei"]
[Result "1-0"]
[WhiteTitle "CM"]
[BlackTitle "FM"]
[WhiteElo "2156"]
[BlackElo "2320"]
[WhiteFideId "14212170"]
[BlackFideId "1281186"]
[EventDate "2025.07.01"]

1. Nf3 Nf6 2. g3 e6 3. Bg2 Be7 4. O-O O-O 5. c4 d5 6. d4 dxc4 7. Qc2 a6 8. a4
Bd7 9. Qxc4 Bc6 10. Bg5 Bd5 11. Qc2 Be4 12. Qc4 Nbd7 13. Nc3 Bd5 14. Nxd5 Nxd5
15. Bxe7 Qxe7 16. e4 N7b6 17. Qc5 Nd7 18. Qc4 N7b6 19. Qc5 Nd7 20. Qc2 Nb4 21.
Qxc7 Rfc8 22. Qf4 Rc2 23. Rac1 Rac8 24. Rxc2 Rxc2 25. Rc1 Nd3 26. Rxc2 Nxf4 27.
Rc8+ Nf8 28. gxf4 Qd7 29. Rc4 b5 30. axb5 Qxb5 31. Rc8 Qxb2 32. Ne5 Qb1+ 33. Bf1
Qb7 34. Rd8 Qc7 35. Ra8 a5 36. Bb5 Qb7 37. Bc6 Qb1+ 38. Kg2 h6 39. Nd7 Qd1 40.
Nxf8 Qg4+ 41. Kf1 Qd1+ 42. Kg2 Qg4+ 43. Kh1 Qe2 44. Nxe6+ Kh7 45. Nf8+ Kg8 46.
Nd7+ Kh7 47. Nf8+ Kh8 48. Kg2 Qg4+ 49. Kf1 Qd1+ 50. Kg2 g6 51. Nxg6+ Kg7 52. Ne5
Qd2 53. Ra7 Qxd4 54. Rxf7+ Kg8 55. Bd5 Kh8 56. Rf8+ Kg7 57. Rf7+ Kg8 58. Rb7+
Kf8 59. Rf7+ Ke8 60. Bc6+ Kd8 61. Rd7+ Qxd7 62. Bxd7 1-0

[Event "Titled Tue 1st Jul Early"]
[Site "chess.com INT"]
[Date "2025.07.01"]
[Round "10"]
[White "Predein, Vladimir"]
[Black "Khazhatuly, Alikhan"]
[Result "0-1"]
[WhiteTitle "IM"]
[BlackTitle "CM"]
[WhiteElo "2373"]
[BlackElo "2172"]
[WhiteFideId "4117786"]
[BlackFideId "13731335"]
[EventDate "2025.07.01"]

1. e4 c5 2. Nf3 e6 3. d4 cxd4 4. Nxd4 a6 5. Nc3 Bb4 6. Ne2 Nc6 7. g3 b5 8. Bg2
Bb7 9. O-O Nge7 10. Be3 d6 11. a3 Bc5 12. Qd2 O-O 13. Rad1 Qb6 14. Qxd6 Bxe3 15.
fxe3 Rad8 16. Qf4 Ng6 17. Qf2 Nce5 18. Nd4 Nc4 19. b3 Nxa3 20. h4 Qc5 21. Nce2
Ne5 22. Nf4 Qe7 23. Qe2 b4 24. Nd3 Nxd3 25. cxd3 Qc7 26. Kh2 g6 27. Rc1 Qd7 28.
h5 e5 29. Nf3 Qxd3 30. Qxd3 Rxd3 31. Nxe5 Rd2 32. Kg1 Nc2 33. Rf2 Rxf2 34. Kxf2
Rc8 35. Nc4 Na3 36. Bf1 Bxe4 37. Rd1 Bc2 38. Rd7 Bxb3 39. Nd6 Ra8 40. h6 Be6 41.
Rb7 b3 42. Bxa6 Nc2 43. Bc4 Bxc4 44. Nxc4 Na1 45. Na5 Kf8 46. Nxb3 Nxb3 47. Rxb3
Ke7 48. Kf3 Kf6 49. g4 Kg5 50. Rb7 Rf8 51. e4 Kxh6 52. Kf4 f6 53. Ra7 Re8 54.
Rf7 Re6 55. Rc7 g5+ 56. Kf5 Re5+ 57. Kxf6 Rxe4 58. Rc6 Rxg4 59. Kf7+ Kh5 60. Rc5
Rf4+ 61. Ke6 Rf1 62. Ke5 h6 63. Rc7 Kg4 64. Rc3 h5 65. Ke4 Rf4+ 66. Ke3 h4 67.
Ke2 h3 68. Rc1 h2 69. Rh1 Kg3 70. Ke3 Kg2 71. Rxh2+ Kxh2 0-1

[Event "Titled Tue 1st Jul Early"]
[Site "chess.com INT"]
[Date "2025.07.01"]
[Round "10"]
[White "Maghsoodloo, Parham"]
[Black "Borgaonkar, Akshay"]
[Result "1/2-1/2"]
[WhiteTitle "GM"]
[BlackTitle "FM"]
[WhiteElo "2695"]
[BlackElo "2452"]
[WhiteFideId "12539929"]
[BlackFideId "25639110"]
[EventDate "2025.07.01"]

1. e4 c5 2. Nf3 e6 3. d4 cxd4 4. Nxd4 Nc6 5. Nc3 Qc7 6. a3 a6 7. Be3 Nxd4 8.
Qxd4 b5 9. h4 Bb7 10. h5 h6 11. O-O-O Rc8 12. Be2 Nf6 13. Bf3 Bxa3 14. e5 Nd5
15. Bxd5 Bxd5 16. Kb1 Bc5 17. Qg4 Bxe3 18. fxe3 O-O 19. Rh3 Qxe5 20. Nxd5 exd5
21. Rg3 Rc4 22. Qf3 Rb4 23. b3 Re4 24. Rf1 a5 25. Qf2 a4 26. Rf3 axb3 27. cxb3
Ra8 28. Qb2 f6 29. Rd1 Qxb2+ 30. Kxb2 Re5 31. g4 Rae8 32. Rf4 Rxe3 33. Rxd5 R8e5
34. Rxd7 Rg3 35. Rb7 Kh7 36. Ka3 Rge3 37. Rxf6 b4+ 38. Kxb4 R3e4+ 39. Ka3 Rxg4
40. b4 Rxh5 41. Rf3 Rhg5 42. b5 Rg3 43. Rxg3 Rxg3+ 44. Kb4 h5 45. b6 h4 46. Rc7
Rg1 47. Ka5 Ra1+ 48. Kb5 Rb1+ 49. Ka6 Kh6 50. b7 Ra1+ 51. Kb6 Rb1+ 52. Ka7 Rxb7+
53. Kxb7 g5 54. Kc6 h3 55. Kd5 Kh5 56. Ke4 Kg4 57. Ke3 Kg3 58. Rh7 g4 59. Ke4
Kg2 60. Kf4 g3 61. Kg4 h2 62. Rh3 Kf2 63. Kf4 g2 64. Rxh2 Kf1 65. Rxg2 Kxg2 1/2-1/2